Région de naissance des athlètes des JO 2024 - Statistiques

Statistiques générales
  • Ce quiz a été pris 21 fois
  • Le résultat moyen est 8 sur 12
Statistiques - réponses
Par images Réponse % Correct
Guadeloupe (Teddy Riner)
94%
Polynésie française (Kauli Vaast)
88%
Bretagne (Nicolas Gestin)
82%
Occitanie (Léon Marchand)
76%
Grand-Est (Pauline Ferrand-Prévot)
65%
Auvergne-Rhône-Alpes (Manon Apithy-Brunet)
59%
Provence-Alpes-Côte-d'Azur (Lauriane Nolot)
59%
Auvergne-Rhône-Alpes (Angèle Hug)
53%
Ile-de-France (Althéa Laurin)
53%
Ile-de-France (Cassandre Beaugrand)
53%
Occitanie (Benjamin Thomas)
53%
Nouvelle-Aquitaine (Joris Daudet)
47%
Aucun quiz correspondant
Distribution des résultats
% des personnes avec chaque résultat
Percentile par nombre de réponses
Votre historique - résultats
Vous n’avez pas pris ce quiz